[Event "?"]
[Site "?"]
[Date "????.??.??"]
[Round "?"]
[White "Nordstrom, Felix"]
[Black "Saren, Ilkka J"]
[Result "1/2-1/2"]
[WhiteElo "2191"]
[BlackElo "2207"]
[PlyCount "105"]
[EventDate "2010.??.??"]
[WhiteTeam "Schweden 1"]
[BlackTeam "Finnland"]
[BlackTeamCountry "FIN"]

1. e4 e5 2. Nf3 Nc6 3. Bc4 Nf6 4. Ng5 d5 5. exd5 Na5 6. Bb5+ c6 7. dxc6 bxc6 8.
Be2 h6 9. Nf3 e4 10. Ne5 Bd6 11. d4 exd3 12. Nxd3 O-O 13. Bf4 Rb8 14. b3 Bxf4
15. Nxf4 Qc7 16. Nd3 Re8 17. O-O Bf5 18. Nc3 c5 19. Bf3 Rbd8 20. Re1 c4 21.
bxc4 Qxc4 22. Rxe8+ Rxe8 23. Ne2 Rc8 24. Ng3 Bg6 25. Ne5 Qxc2 26. Nxg6 fxg6 27.
Qe1 Qc3 28. Qxc3 Rxc3 29. Ne4 Nxe4 30. Bxe4 g5 31. Rd1 Rc8 32. f3 Kh8 33. Rd7
Nc6 34. Bxc6 Rxc6 35. Rxa7 Rc2 36. h3 Kh7 37. a4 Ra2 38. a5 Kg6 39. a6 Kh7 40.
Kf1 Kg6 41. g4 h5 42. gxh5+ Kxh5 43. Ra8 Kg6 44. Ke1 Kh7 45. Kd1 Kg6 46. Kc1
Rf2 47. a7 Ra2 48. Kb1 Ra6 49. Kb2 Rb6+ 50. Kc3 Ra6 51. Kb4 Ra1 52. Kc5 Rc1+
53. Kb6 1/2-1/2

[Event "?"]
[Site "?"]
[Date "????.??.??"]
[Round "?"]
[White "Rodriguez Vargas, O."]
[Black "Danner, G."]
[Result "0-1"]
[WhiteElo "2423"]
[BlackElo "2429"]
[PlyCount "55"]
[EventDate "2010.??.??"]
[WhiteTeam "Catalonia"]
[BlackTeam "Österreich"]
[WhiteTeamCountry "CAT"]
[BlackTeamCountry "AUT"]

1. d4 f5 2. g3 Nf6 3. Bg2 g6 4. Nh3 Bg7 5. Nf4 Nc6 6. h4 e5 7. dxe5 Nxe5 8. h5
c6 9. c4 O-O 10. hxg6 hxg6 11. Nc3 Qe7 12. Be3 g5 13. Nh5 Nxh5 14. Rxh5 f4 15.
gxf4 gxf4 16. Nd5 Qe8 17. Rh1 fxe3 18. Qc2 exf2+ 19. Kd2 cxd5 20. Qh7+ Kf7 21.
Bxd5+ Ke7 22. Qxg7+ Kd8 23. c5 Qe7 24. Qg3 d6 25. Raf1 Bd7 26. Rh5 Rc8 27. b4
Qf6 28. e3 0-1

[Event "?"]
[Site "?"]
[Date "????.??.??"]
[Round "?"]
[White "Anguera Maestro, J."]
[Black "Roth, P."]
[Result "1/2-1/2"]
[WhiteElo "2217"]
[BlackElo "2263"]
[PlyCount "28"]
[EventDate "2010.??.??"]
[WhiteTeam "Catalonia"]
[BlackTeam "Österreich"]
[WhiteTeamCountry "CAT"]
[BlackTeamCountry "AUT"]

1. d4 Nf6 2. c4 g6 3. Nc3 Bg7 4. e4 d6 5. f3 O-O 6. Be3 e5 7. Nge2 c6 8. Qd2
Qa5 9. d5 cxd5 10. Nxd5 Qxd2+ 11. Bxd2 Nxd5 12. cxd5 Na6 13. Nc3 Rd8 14. Nb5
Bf8 1/2-1/2

[Event "?"]
[Site "?"]
[Date "????.??.??"]
[Round "?"]
[White "Kwatschewsky, L."]
[Black "Poyato Sala, J."]
[Result "1/2-1/2"]
[WhiteElo "2233"]
[BlackElo "2216"]
[PlyCount "37"]
[EventDate "2010.??.??"]
[WhiteTeam "Österreich"]
[BlackTeam "Catalonia"]
[WhiteTeamCountry "AUT"]
[BlackTeamCountry "CAT"]

1. e4 e5 2. Nf3 Nc6 3. Bb5 a6 4. Ba4 Nf6 5. O-O Be7 6. Re1 b5 7. Bb3 O-O 8. h3
Bb7 9. d3 d6 10. a3 Nd7 11. c3 Na5 12. Bc2 c5 13. Be3 d5 14. exd5 Bxd5 15. Nbd2
Nc6 16. b4 h6 17. bxc5 Nxc5 18. d4 exd4 19. Nxd4 1/2-1/2

[Event "?"]
[Site "?"]
[Date "????.??.??"]
[Round "?"]
[White "Pritchett, C."]
[Black "Baumbach, F."]
[Result "1/2-1/2"]
[WhiteElo "2366"]
[BlackElo "2261"]
[PlyCount "109"]
[EventDate "2010.??.??"]
[WhiteTeam "Schottland 1"]
[BlackTeam "Berlin"]

1. e4 c5 2. Nf3 g6 3. d4 cxd4 4. Nxd4 Nc6 5. c4 Nf6 6. Nc3 d6 7. Be2 Nxd4 8.
Qxd4 Bg7 9. O-O O-O 10. Qd3 Be6 11. Bd2 Nd7 12. b3 Nc5 13. Qe3 a5 14. Rac1 Bd7
15. f4 Bc6 16. Bf3 Ne6 17. Ne2 Bh6 18. g3 Qb8 19. Rfd1 Qa7 20. Qxa7 Rxa7 21.
Be3 Raa8 22. Nc3 Rfc8 23. Kf2 Bg7 24. Nd5 Bxd5 25. Rxd5 Bb2 26. Rc2 Ba3 27. e5
dxe5 28. Rxe5 Nc5 29. Ke2 Rc7 30. Bxc5 Bxc5 31. Bxb7 Ra7 32. Bf3 a4 33. Rd5
axb3 34. axb3 Ra3 35. Rd8+ Kg7 36. Rb2 Bb4 37. Ra8 Rca7 38. Rxa7 Rxa7 39. Rc2
Bc5 40. Bc6 Kf6 41. Ba4 e5 42. fxe5+ Kxe5 43. Kd3 f5 44. Re2+ Kf6 45. Kc3 Rb7
46. Re8 g5 47. Rc8 Bg1 48. c5 Bxh2 49. c6 Rf7 50. b4 Bxg3 51. b5 Bf2 52. Bb3
Re7 53. Rf8+ Ke5 54. Bc2 f4 55. Rf5+ 1/2-1/2

[Event "?"]
[Site "?"]
[Date "????.??.??"]
[Round "?"]
[White "White, A."]
[Black "Lieb, H."]
[Result "1/2-1/2"]
[WhiteElo "2123"]
[BlackElo "2249"]
[PlyCount "86"]
[EventDate "2010.??.??"]
[WhiteTeam "Schottland 1"]
[BlackTeam "Berlin"]

1. e4 e6 2. d4 d5 3. exd5 exd5 4. Bd3 Nf6 5. Ne2 Be7 6. Bf4 Bg4 7. f3 Bh5 8.
Ng3 Bg6 9. Nf5 O-O 10. Nxe7+ Qxe7+ 11. Kf2 Qb4 12. Bxg6 hxg6 13. b3 Qb6 14. Re1
Nc6 15. c3 Rfe8 16. Be3 Ne7 17. g4 Qd6 18. Kg2 Nd7 19. Nd2 Nf8 20. Nf1 Ne6 21.
Qd2 f5 22. h3 f4 23. Bf2 g5 24. Re2 Ng6 25. Rae1 Re7 26. Qd3 Ngf8 27. c4 c6 28.
h4 gxh4 29. Bxh4 Rf7 30. c5 Qd7 31. Re5 Re8 32. Nh2 Nc7 33. g5 Rxe5 34. Rxe5
Re7 35. Ng4 Rxe5 36. Nxe5 Qe6 37. g6 Ne8 38. Bg5 Nf6 39. Bxf4 N6d7 40. Nxd7
Nxd7 41. Bd6 Nf6 42. Be5 Nd7 43. Bd6 Nf6 1/2-1/2

[Event "?"]
[Site "?"]
[Date "????.??.??"]
[Round "?"]
[White "Brameyer, H."]
[Black "Borwell, A."]
[Result "1/2-1/2"]
[WhiteElo "2237"]
[BlackElo "2018"]
[PlyCount "104"]
[EventDate "2010.??.??"]
[WhiteTeam "Berlin"]
[BlackTeam "Schottland 1"]

1. c4 Nf6 2. Nf3 e6 3. Nc3 Bb4 4. Qc2 O-O 5. d4 Bxc3+ 6. Qxc3 h6 7. e3 d6 8. b3
b6 9. Bd3 Bb7 10. Bb2 Nbd7 11. O-O e5 12. dxe5 dxe5 13. Bf5 Re8 14. Rad1 Qe7
15. Rd2 Rad8 16. Rfd1 g6 17. Bc2 Ne4 18. Bxe4 Bxe4 19. Ne1 f6 20. f3 Bf5 21. e4
Be6 22. Qe3 g5 23. Nc2 Nb8 24. Kf2 Rxd2+ 25. Qxd2 Kf7 26. Ba3 c5 27. Ne3 Nc6
28. Bb2 Nd4 29. Re1 a5 30. h4 Rg8 31. hxg5 hxg5 32. Rh1 Qf8 33. Nd5 Bxd5 34.
cxd5 Rh8 35. Rg1 Qh6 36. Bxd4 cxd4 37. Qc1 Kg6 38. Ke2 Qh2 39. Kd3 g4 40. Qf1
Qg3 41. Kc4 Qh2 42. fxg4 Kg7 43. d6 d3 44. Kd5 Qh7 45. Qf5 Qg8+ 46. Kc6 Qa8+
47. Kb5 Qe8+ 48. d7 Qe7 49. g5 fxg5 50. Ka6 b5 51. Rc1 Qd6+ 52. Ka7 Qb8+
1/2-1/2

[Event "?"]
[Site "?"]
[Date "????.??.??"]
[Round "?"]
[White "Van Oosten, A."]
[Black "Jorgensen, J."]
[Result "1/2-1/2"]
[WhiteElo "2141"]
[BlackElo "2340"]
[PlyCount "98"]
[EventDate "2010.??.??"]
[WhiteTeam "Oranjeteam 1"]
[BlackTeam "Dänemark 1"]

1. e4 c6 2. d4 d5 3. exd5 cxd5 4. Bd3 Nc6 5. c3 Nf6 6. Bf4 g6 7. Nf3 Bg7 8. O-O
O-O 9. Qc1 Bg4 10. Ne5 Nxe5 11. Bxe5 Qd7 12. Na3 Bf5 13. Bxf5 Qxf5 14. Qc2 Qd7
15. Qe2 Rac8 16. Nc2 Rc6 17. Rae1 Re6 18. Qd3 Rb6 19. Bxf6 Bxf6 20. b3 Rc8 21.
Ne3 Rbc6 22. Nd1 a6 23. f4 b5 24. b4 Qa7 25. Kh1 Rc4 26. f5 a5 27. fxg6 hxg6
28. a3 axb4 29. axb4 Kg7 30. Qf3 Qd7 31. h3 Rh8 32. Ne3 Rxc3 33. Nf5+ Qxf5 34.
Qxc3 Qd7 35. Qf3 Qd6 36. Rd1 Rc8 37. Rd3 Rc2 38. Rc3 Rd2 39. Rc5 Rxd4 40. Rxb5
Qd7 41. Rb8 Qc7 42. Rb5 Qc4 43. Rb6 Rd3 44. Qf2 Qc3 45. b5 Rxh3+ 46. gxh3 Qxh3+
47. Kg1 Qg4+ 48. Kh1 Qh3+ 49. Kg1 Qg4+ 1/2-1/2

[Event "?"]
[Site "?"]
[Date "????.??.??"]
[Round "?"]
[White "Kolbak, J."]
[Black "Holscher, P."]
[Result "1-0"]
[WhiteElo "2344"]
[BlackElo "2043"]
[PlyCount "95"]
[EventDate "2010.??.??"]
[WhiteTeam "Dänemark 1"]
[BlackTeam "Oranjeteam 1"]

1. f4 d5 2. Nf3 Nf6 3. e3 Bg4 4. h3 Bxf3 5. Qxf3 c6 6. d4 e6 7. Bd3 Nbd7 8. O-O
Qc7 9. c4 O-O-O 10. Nc3 dxc4 11. Bxc4 Nb6 12. Bb3 h5 13. Bd2 Qd7 14. Rfd1 Kb8
15. Be1 Be7 16. a4 Nbd5 17. e4 Nxc3 18. Bxc3 Rc8 19. a5 Rhd8 20. Kh1 Qe8 21. a6
b6 22. Ba4 Qf8 23. Be1 Rd7 24. Rac1 b5 25. Bb3 Bd8 26. f5 Qe8 27. Bg3+ Ka8 28.
Be5 Bb6 29. Bxf6 gxf6 30. fxe6 fxe6 31. Qxf6 Re7 32. Rd3 Qd7 33. Rcd1 Rce8 34.
Rf3 Qc8 35. Qg5 Qxa6 36. Qxh5 Qc8 37. Rf7 Rh8 38. Qf3 Rxf7 39. Qxf7 e5 40. Be6
Qd8 41. Bd7 Kb8 42. dxe5 Rf8 43. Qe6 Rf2 44. Qxc6 Rxb2 45. Bg4 Qf8 46. Qd6+
Qxd6 47. exd6 b4 48. e5 1-0

[Event "?"]
[Site "?"]
[Date "????.??.??"]
[Round "?"]
[White "Arp, F."]
[Black "Sorensen, B."]
[Result "1-0"]
[WhiteElo "2089"]
[BlackElo "2240"]
[PlyCount "37"]
[EventDate "2010.??.??"]
[WhiteTeam "Oranjeteam 1"]
[BlackTeam "Dänemark 1"]

1. e4 e6 2. Nf3 d5 3. Nc3 Nf6 4. e5 Nfd7 5. d4 c5 6. Bg5 f6 7. exf6 gxf6 8. Bh4
Be7 9. Qd2 O-O 10. O-O-O Nc6 11. Qh6 Rf7 12. dxc5 Nxc5 13. Be2 Bd7 14. Rhe1 Qa5
15. Kb1 b5 16. Nd4 Na4 17. Nxd5 exd5 18. Bh5 Rff8 19. Nxc6 1-0

[Event "?"]
[Site "?"]
[Date "????.??.??"]
[Round "?"]
[White "Weiß, W."]
[Black "Bachmann, K."]
[Result "1/2-1/2"]
[WhiteElo "2199"]
[BlackElo "2301"]
[PlyCount "47"]
[EventDate "2010.??.??"]
[WhiteTeam "Stiftg BSW/DBAG 1"]
[BlackTeam "Sfr. Katernberg"]

1. Nf3 c5 2. g3 g6 3. Bg2 Bg7 4. O-O Nc6 5. d3 d6 6. c3 Nf6 7. a3 Rb8 8. e4 O-O
9. b4 b6 10. Re1 a5 11. b5 Ne5 12. d4 Nxf3+ 13. Bxf3 Bb7 14. Ra2 d5 15. e5 Ne4
16. Bg2 cxd4 17. cxd4 Rc8 18. Rc2 h6 19. f3 Ng5 20. h4 Ne6 21. Ree2 Qd7 22. a4
Rc4 23. Rcd2 Rfc8 24. Bb2 1/2-1/2

[Event "?"]
[Site "?"]
[Date "????.??.??"]
[Round "?"]
[White "Rosen, W."]
[Black "Kugelmann, W."]
[Result "0-1"]
[WhiteElo "2287"]
[BlackElo "2210"]
[PlyCount "54"]
[EventDate "2010.??.??"]
[WhiteTeam "Sfr. Katernberg"]
[BlackTeam "Stiftg BSW/DBAG 1"]

1. e4 e5 2. Nf3 Nc6 3. Bb5 a6 4. Ba4 Nf6 5. O-O Nxe4 6. d4 b5 7. Bb3 d5 8. dxe5
Be6 9. Nbd2 Bc5 10. Nxe4 dxe4 11. Qxd8+ Rxd8 12. Ng5 h6 13. Bxe6 hxg5 14. Bf5
Nd4 15. Bxe4 Ne2+ 16. Kh1 Bxf2 17. Bc6+ Kf8 18. g4 Bg3 19. Kg2 Rxh2+ 20. Kf3
Bxe5 21. Bxg5 Nd4+ 22. Ke4 f6 23. Bb7 Rg2 24. Rg1 Rxc2 25. Be3 Rxb2 26. Bxa6
Rb4 27. Bb7 Ne2+ 0-1

[Event "?"]
[Site "?"]
[Date "????.??.??"]
[Round "?"]
[White "Siegmund, R."]
[Black "Krueger, E."]
[Result "0-1"]
[WhiteElo "2134"]
[BlackElo "2248"]
[PlyCount "66"]
[EventDate "2010.??.??"]
[WhiteTeam "Stiftg BSW/DBAG 1"]
[BlackTeam "Sfr. Katernberg"]

1. d4 Nf6 2. c4 g6 3. Nc3 Bg7 4. e4 d6 5. f4 O-O 6. Nf3 c5 7. d5 e6 8. Be2 exd5
9. cxd5 Bg4 10. O-O Nfd7 11. Re1 Re8 12. h3 Bxf3 13. Bxf3 Na6 14. Bd2 c4 15.
Be3 Nac5 16. Qc2 Nd3 17. Re2 f5 18. Rf1 a6 19. Kh2 b5 20. exf5 gxf5 21. g4 Qh4
22. Rg1 Rxe3 23. Rxe3 Nxf4 24. Rg3 Be5 25. Rxe5 Nxe5 26. gxf5+ Kh8 27. Qf2 Nxh3
28. Rg8+ Rxg8 29. Qxh4 Nxf3+ 30. Kxh3 Nxh4 31. Kxh4 Rg2 32. Ne4 Rxb2 33. Kg5
Re2 0-1

[Event "?"]
[Site "?"]
[Date "????.??.??"]
[Round "?"]
[White "Neese, H."]
[Black "Just, J."]
[Result "1/2-1/2"]
[WhiteElo "2246"]
[BlackElo "2029"]
[PlyCount "92"]
[EventDate "2010.??.??"]
[WhiteTeam "Sfr. Katernberg"]
[BlackTeam "Stiftg BSW/DBAG 1"]

1. d4 f5 2. c4 Nf6 3. Nc3 e6 4. g3 Be7 5. Bg2 d6 6. Nf3 O-O 7. O-O a5 8. a3 c6
9. Rb1 Na6 10. b4 Bd7 11. Bd2 axb4 12. axb4 d5 13. c5 Ne4 14. Nxe4 fxe4 15. Ne5
Nc7 16. Ra1 Rxa1 17. Qxa1 Nb5 18. Bh3 Bf6 19. f4 Bxe5 20. fxe5 Rxf1+ 21. Kxf1
Qe8 22. Kg1 h6 23. Bf1 Qb8 24. e3 Qa7 25. Qxa7 Nxa7 26. g4 Kf7 27. Kf2 g5 28.
Ke1 Ke7 29. Kd1 Be8 30. Kc2 Nb5 31. Kb3 Kd8 32. Ka4 Kc7 33. Ka5 Na3 34. Ka4 Nb5
35. Kb3 Kd8 36. Be1 Kc7 37. Be2 Kd8 38. Bd1 Kc7 39. Bd2 Kd8 40. Ka4 Kc7 41. Ka5
Na7 42. Be2 Bd7 43. Bc3 Nb5 44. Be1 Na3 45. Ka4 Nb5 46. Bd2 Na7 1/2-1/2

[Event "?"]
[Site "?"]
[Date "????.??.??"]
[Round "?"]
[White "Titz, H."]
[Black "Nagorni, W."]
[Result "1-0"]
[WhiteElo "2248"]
[BlackElo "2093"]
[PlyCount "55"]
[EventDate "2010.??.??"]
[WhiteTeam "Wien 1"]
[BlackTeam "Widukind 1"]

1. c4 c5 2. Nc3 Nc6 3. Nf3 g6 4. e3 e5 5. d4 cxd4 6. exd4 exd4 7. Nxd4 Bg7 8.
Ndb5 Nf6 9. Nd6+ Kf8 10. Be2 Ne8 11. Bf4 Bxc3+ 12. bxc3 Qf6 13. Qd2 Nxd6 14.
Bxd6+ Kg7 15. O-O Re8 16. Rfe1 b6 17. c5 Bb7 18. cxb6 axb6 19. Rab1 Ba6 20. Bf3
Rxe1+ 21. Rxe1 Kg8 22. Be5 Qf5 23. Qh6 Nxe5 24. Bxa8 Qf6 25. f4 Qd8 26. Bd5 Ng4
27. Bxf7+ Kxf7 28. Qxh7+ 1-0

[Event "?"]
[Site "?"]
[Date "????.??.??"]
[Round "?"]
[White "Rychlik, K."]
[Black "Dueckstein, A."]
[Result "1/2-1/2"]
[WhiteElo "2075"]
[BlackElo "2227"]
[PlyCount "33"]
[EventDate "2010.??.??"]
[WhiteTeam "Widukind 1"]
[BlackTeam "Wien 1"]

1. d4 e6 2. c4 f5 3. Nc3 Nf6 4. g3 Be7 5. Bg2 d6 6. Nf3 O-O 7. O-O Qe8 8. b3 c6
9. Bb2 Qh5 10. e3 Nbd7 11. Re1 d5 12. a3 a5 13. Ne2 g6 14. Rc1 Ne4 15. Ne5 Bd6
16. f3 Nef6 17. Qc2 1/2-1/2

[Event "?"]
[Site "?"]
[Date "????.??.??"]
[Round "?"]
[White "Strobel, F."]
[Black "Völpel, G."]
[Result "1-0"]
[WhiteElo "2148"]
[BlackElo "2102"]
[PlyCount "87"]
[EventDate "2010.??.??"]
[WhiteTeam "Wien 1"]
[BlackTeam "Widukind 1"]

1. f4 d5 2. Nf3 Nf6 3. e3 Bg4 4. b3 e6 5. Bb2 Be7 6. Be2 O-O 7. O-O Ne4 8. d3
Bf6 9. Ne5 Bxe2 10. Qxe2 Nd6 11. Nd2 c5 12. Ndf3 Nc6 13. e4 Nb5 14. c3 Be7 15.
Nxc6 bxc6 16. Ne5 Rc8 17. Rf3 f6 18. Ng4 Qd7 19. Rh3 Kh8 20. Ne3 Qe8 21. f5 d4
22. cxd4 cxd4 23. Nc4 exf5 24. exf5 Bc5 25. Qf2 Qd7 26. Rh4 Rcd8 27. Re1 Bb4
28. Re6 c5 29. Rhe4 Rde8 30. Qe2 Nc7 31. Rxe8 Rxe8 32. Rxe8+ Nxe8 33. Qe4 h6
34. Bc1 Nc7 35. Bf4 Nd5 36. Qe6 Qd8 37. Bd6 Nc7 38. Qe7 Qxe7 39. Bxe7 Nd5 40.
Bd6 Nb6 41. Kf2 Kg8 42. Kf3 Kf7 43. Nxb6 axb6 44. Ke4 1-0

[Event "?"]
[Site "?"]
[Date "????.??.??"]
[Round "?"]
[White "Teichmeister, S."]
[Black "Harestad, T."]
[Result "0-1"]
[WhiteElo "2092"]
[BlackElo "2215"]
[PlyCount "118"]
[EventDate "2010.??.??"]
[WhiteTeam "Wien 2"]
[BlackTeam "Norwegen 1"]

1. e4 c5 2. Nc3 Nc6 3. f4 e6 4. Nf3 Nge7 5. g3 d5 6. Bg2 dxe4 7. Nxe4 Nf5 8.
O-O Be7 9. b3 O-O 10. Bb2 Rb8 11. Qe2 b5 12. Ne5 Ncd4 13. Bxd4 Nxd4 14. Qd3 f6
15. Nf3 Nxf3+ 16. Rxf3 Qb6 17. Qe3 Re8 18. a4 a6 19. axb5 axb5 20. Rff1 Qc7 21.
Kh1 f5 22. Ng5 Bxg5 23. fxg5 Rb6 24. d3 Qd6 25. Ra7 Ra6 26. Ra1 Rxa1+ 27. Rxa1
Bd7 28. Re1 Rc8 29. Qe5 Qxe5 30. Rxe5 Kf7 31. Kg1 Ke7 32. Kf2 Rc7 33. Re1 Ra7
34. Ke3 Kd6 35. d4 cxd4+ 36. Kxd4 Ra2 37. Re2 Ra1 38. Rd2 Re1 39. c4 Rc1 40.
Ra2 e5+ 41. Kd3 e4+ 42. Kd4 Rd1+ 43. Kc3 bxc4 44. bxc4 Kc5 45. Ra5+ Kc6 46.
Ra6+ Kb7 47. Ra2 Be6 48. Rc2 Kc6 49. g4 g6 50. gxf5 gxf5 51. Rd2 Rxd2 52. Kxd2
Kd6 53. Bf1 Ke5 54. Ke3 f4+ 55. Kf2 Bf7 56. h4 e3+ 57. Ke1 f3 58. Bd3 Kd4 59.
Bxh7 f2+ 0-1

[Event "?"]
[Site "?"]
[Date "????.??.??"]
[Round "?"]
[White "Watzka, H."]
[Black "Jones, I."]
[Result "1-0"]
[WhiteElo "2296"]
[BlackElo "2290"]
[PlyCount "93"]
[EventDate "2010.??.??"]
[WhiteTeam "Steiermark"]
[BlackTeam "Wales"]
[BlackTeamCountry "WLS"]

1. e4 e5 2. Nf3 Nf6 3. Nc3 Bb4 4. Nxe5 O-O 5. Be2 Re8 6. Nd3 Bxc3 7. dxc3 Nxe4
8. O-O d6 9. Nf4 Nd7 10. Be3 Nef6 11. c4 Ne5 12. Nd5 Nfg4 13. Bf4 c6 14. Nc3
Nf6 15. Qd2 Bf5 16. Rad1 Qc7 17. Qxd6 Qxd6 18. Rxd6 Bxc2 19. Rc1 Bf5 20. Rcd1
Ng6 21. Bg5 Ne4 22. Nxe4 Bxe4 23. Bf1 Bf5 24. h3 Be6 25. b3 f6 26. Be3 Ne5 27.
Be2 Nf7 28. R6d2 Ne5 29. f4 Nf7 30. Kf2 f5 31. g4 h6 32. Rg1 Kh7 33. Bd3 g6 34.
Bc2 b6 35. Bd4 Nd6 36. Bf6 Ne4+ 37. Bxe4 fxe4 38. Ke3 c5 39. Rd6 Kg8 40. f5 Bf7
41. Rd7 g5 42. Rgd1 a6 43. R1d6 b5 44. Bc3 Kf8 45. Rxh6 Red8 46. Rh8+ Bg8 47.
Rg7 1-0

[Event "?"]
[Site "?"]
[Date "????.??.??"]
[Round "?"]
[White "Kratschmer, H."]
[Black "Thornton, J."]
[Result "1-0"]
[WhiteElo "2160"]
[BlackElo "2097"]
[PlyCount "75"]
[EventDate "2010.??.??"]
[WhiteTeam "Steiermark"]
[BlackTeam "Wales"]
[BlackTeamCountry "WLS"]

1. d4 e6 2. e4 d5 3. e5 c5 4. c3 Nc6 5. Nf3 Bd7 6. Be2 Rc8 7. O-O cxd4 8. cxd4
Nh6 9. Bxh6 gxh6 10. Nc3 a6 11. Rc1 Bg7 12. Bd3 f6 13. Re1 O-O 14. Bb1 Be8 15.
Qd2 Bh5 16. exf6 Qxf6 17. Ne5 Qf4 18. Qc2 Rf5 19. Nxd5 Qg5 20. Ne3 Ne7 21. Qe4
Rxc1 22. Rxc1 Bxe5 23. dxe5 Bg6 24. Qc4 Rf8 25. Qxe6+ Bf7 26. Qg4 Nc6 27. f4
Qxg4 28. Nxg4 Kg7 29. Rd1 Be6 30. Nf6 Rf7 31. b3 Rf8 32. g3 Rd8 33. Rxd8 Nxd8
34. Bxh7 Nc6 35. Be4 a5 36. Ne8+ Kf8 37. Nd6 Nb4 38. Nxb7 1-0

[Event "?"]
[Site "?"]
[Date "????.??.??"]
[Round "?"]
[White "Van Kemenade, R."]
[Black "Pitzl, K."]
[Result "1-0"]
[WhiteElo "2039"]
[BlackElo "2108"]
[PlyCount "107"]
[EventDate "2010.??.??"]
[WhiteTeam "Wales"]
[BlackTeam "Steiermark"]
[WhiteTeamCountry "WLS"]

1. e4 d6 2. d4 Nf6 3. Nc3 g6 4. g3 Bg7 5. Bg2 O-O 6. h3 Nc6 7. Nge2 e5 8. Be3
exd4 9. Nxd4 Ne5 10. b3 c5 11. Nde2 Qc7 12. O-O a6 13. a4 Rb8 14. f4 Nc6 15.
Qd2 Nb4 16. Rad1 Ne8 17. g4 f5 18. exf5 gxf5 19. Nd5 Nxd5 20. Bxd5+ Kh8 21. g5
b6 22. Ng3 Bb7 23. Nh5 Bxd5 24. Qxd5 Qf7 25. Nxg7 Qxd5 26. Rxd5 Kxg7 27. Bd2
Kg6 28. Re1 Kf7 29. Bc3 Rd8 30. Kg2 Kg8 31. Re7 Rf7 32. Rxf7 Kxf7 33. Rxf5+ Ke6
34. Rf8 d5 35. f5+ Ke7 36. Rh8 d4 37. Rxh7+ Kd6 38. Bd2 Ke5 39. f6 Kf5 40. Kf3
b5 41. a5 c4 42. h4 c3 43. Bf4 d3 44. cxd3 Nxf6 45. Rf7 Rxd3+ 46. Ke2 Rh3 47.
Rxf6+ Ke4 48. g6 Rxh4 49. g7 Rg4 50. Bh6 Rg2+ 51. Kd1 c2+ 52. Kc1 Kd3 53. Rf3+
Ke4 54. Rf8 1-0

[Event "?"]
[Site "?"]
[Date "????.??.??"]
[Round "?"]
[White "Liebert, H."]
[Black "Gunnarsson, G."]
[Result "1-0"]
[WhiteElo "2255"]
[BlackElo "2231"]
[PlyCount "89"]
[EventDate "2010.??.??"]
[WhiteTeam "Sachsen-Anhalt"]
[BlackTeam "KR Reykjavik"]

1. c4 Nf6 2. Nf3 e6 3. g3 d5 4. Bg2 Be7 5. O-O O-O 6. d4 c6 7. Nbd2 Nbd7 8. Qc2
b6 9. e4 dxe4 10. Nxe4 Nxe4 11. Qxe4 Bb7 12. Rd1 Nf6 13. Qe2 Qc7 14. b3 c5 15.
Bf4 Bd6 16. Bxd6 Qxd6 17. Qe5 Rfd8 18. Qxd6 Rxd6 19. dxc5 Rxd1+ 20. Rxd1 bxc5
21. Ne5 Bxg2 22. Kxg2 Kf8 23. Nd7+ Ke7 24. Nxc5 Rc8 25. Na4 h5 26. h4 Nd7 27.
Kf3 Rc6 28. Nc3 Rc5 29. Nb5 a6 30. Nc3 Nf6 31. Kg2 g5 32. hxg5 Rxg5 33. Rd4 a5
34. Ne4 Nxe4 35. Rxe4 Kd6 36. Rd4+ Kc6 37. Kf3 Re5 38. Re4 Rg5 39. Kf4 Rf5+ 40.
Ke3 e5 41. f4 f6 42. Kf3 Kd7 43. g4 hxg4+ 44. Kxg4 Ke6 45. a3 1-0

[Event "?"]
[Site "?"]
[Date "????.??.??"]
[Round "?"]
[White "Hamm, G."]
[Black "Gunnarsson, M."]
[Result "0-1"]
[WhiteElo "2124"]
[BlackElo "2107"]
[PlyCount "100"]
[EventDate "2010.??.??"]
[WhiteTeam "Sachsen-Anhalt"]
[BlackTeam "KR Reykjavik"]

1. d4 Nf6 2. g3 g6 3. Bg2 Bg7 4. e4 d6 5. Ne2 O-O 6. O-O Nbd7 7. h3 c6 8. c4 e5
9. Be3 exd4 10. Nxd4 Re8 11. Qc2 Qa5 12. Nd2 Nf8 13. g4 Bd7 14. N2b3 Qd8 15.
Bf4 c5 16. Nb5 Ne6 17. Bg3 Bxb5 18. cxb5 Qb6 19. Rfd1 Qxb5 20. Rxd6 Red8 21.
Bf1 Qb4 22. Bc4 Ne8 23. a3 Qa4 24. Rxd8 Rxd8 25. e5 b6 26. Re1 Qd7 27. Bh4 Rc8
28. Rd1 Qc7 29. Bxe6 fxe6 30. f4 a5 31. Qc4 Qc6 32. Qe2 Qa4 33. Qf3 h6 34. Nd2
Qd4+ 35. Bf2 Qxb2 36. Nc4 Qb5 37. Nd6 Nxd6 38. exd6 Qd7 39. Qe4 Kf7 40. f5 gxf5
41. gxf5 Re8 42. fxe6+ Rxe6 43. Qd5 Kg8 44. Qg5 Kh7 45. Bg3 Bd4+ 46. Kh2 Qe8
47. Qf5+ Kg7 48. Qd5 Re2+ 49. Kh1 Qd7 50. Qh5 Qc6+ 0-1

[Event "?"]
[Site "?"]
[Date "????.??.??"]
[Round "?"]
[White "Weidlich, G."]
[Black "Rooze, J."]
[Result "1/2-1/2"]
[WhiteElo "2198"]
[BlackElo "2271"]
[PlyCount "68"]
[EventDate "2010.??.??"]
[WhiteTeam "SV Dresden-Leuben"]
[BlackTeam "Belgien"]
[BlackTeamCountry "BEL"]

1. Nf3 Nf6 2. d4 c5 3. e3 e6 4. Nbd2 b6 5. Bd3 Bb7 6. O-O Be7 7. b3 Nc6 8. a3
O-O 9. c4 cxd4 10. exd4 d5 11. Bb2 Rc8 12. Rc1 Rc7 13. Qe2 Re8 14. Rfe1 Bf8 15.
h3 g6 16. Qe3 Bg7 17. c5 bxc5 18. Rxc5 Nd7 19. Rcc1 Ndb8 20. b4 Rce7 21. Nb3
Nd7 22. Ne5 Ncxe5 23. dxe5 d4 24. Nxd4 Nxe5 25. Bb5 Qd5 26. f3 Rd8 27. Rc5 Qxd4
28. Bxd4 Nxf3+ 29. Kf1 Bxd4 30. Qc1 Nxe1 31. Kxe1 Bxc5 32. Qxc5 Kf8 33. Qe5 Kg8
34. Qc5 Kf8 1/2-1/2

[Event "?"]
[Site "?"]
[Date "????.??.??"]
[Round "?"]
[White "Van Herck, M."]
[Black "Bodach, H."]
[Result "1/2-1/2"]
[WhiteElo "2156"]
[BlackElo "2103"]
[PlyCount "20"]
[EventDate "2010.??.??"]
[WhiteTeam "Belgien"]
[BlackTeam "SV Dresden-Leuben"]
[WhiteTeamCountry "BEL"]

1. d4 Nf6 2. c4 e6 3. Nc3 d5 4. Bg5 Be7 5. e3 b6 6. cxd5 exd5 7. Bd3 Bb7 8. Qc2
Nbd7 9. Nf3 O-O 10. Ne5 h6 1/2-1/2

[Event "?"]
[Site "?"]
[Date "????.??.??"]
[Round "?"]
[White "Böhm, E."]
[Black "Maes, V."]
[Result "1-0"]
[WhiteElo "2228"]
[BlackElo "2163"]
[PlyCount "65"]
[EventDate "2010.??.??"]
[WhiteTeam "SV Dresden-Leuben"]
[BlackTeam "Belgien"]
[BlackTeamCountry "BEL"]

1. e4 e6 2. d4 d5 3. Nd2 c5 4. Ngf3 Nc6 5. exd5 exd5 6. Be2 cxd4 7. Nb3 Nf6 8.
O-O Be7 9. Nbxd4 O-O 10. c3 Re8 11. Bf4 a6 12. Qc2 Bd7 13. Rad1 Rc8 14. Rfe1
Qb6 15. Qb3 Qa7 16. Bg5 Na5 17. Qc2 h6 18. Bxf6 Bxf6 19. Nf5 Qc5 20. Ne3 d4 21.
Nxd4 Bxd4 22. Rxd4 Be6 23. Re4 Nc6 24. Bc4 Bxc4 25. Nxc4 Rxe4 26. Qxe4 Rd8 27.
b4 Qb5 28. Nb2 Rd2 29. a4 Qb6 30. Qe8+ Kh7 31. Qxf7 Rxb2 32. Qf5+ g6 33. Qf7+
1-0

[Event "?"]
[Site "?"]
[Date "????.??.??"]
[Round "?"]
[White "Schmidt, G."]
[Black "Rasmussen, L."]
[Result "1/2-1/2"]
[WhiteElo "2241"]
[BlackElo "2065"]
[PlyCount "22"]
[EventDate "2010.??.??"]
[WhiteTeam "USV TU Dresden"]
[BlackTeam "Luxemburg"]
[BlackTeamCountry "LUX"]

1. d4 f5 2. Bg5 h6 3. Bh4 d6 4. e4 g6 5. exf5 Bxf5 6. Bd3 Qd7 7. Nf3 Bg7 8. Nc3
Nc6 9. O-O a6 10. a3 O-O-O 11. Bxf5 Qxf5 1/2-1/2

[Event "?"]
[Site "?"]
[Date "????.??.??"]
[Round "?"]
[White "Stull, N."]
[Black "Lenk, W."]
[Result "1/2-1/2"]
[WhiteElo "2172"]
[BlackElo "2221"]
[PlyCount "27"]
[EventDate "2010.??.??"]
[WhiteTeam "Luxemburg"]
[BlackTeam "USV TU Dresden"]
[WhiteTeamCountry "LUX"]

1. Nf3 Nf6 2. g3 g6 3. b3 Bg7 4. Bb2 O-O 5. Bg2 c5 6. c4 Nc6 7. O-O d6 8. d4
cxd4 9. Nxd4 Bd7 10. Nc3 Nxd4 11. Qxd4 Bc6 12. Bxc6 bxc6 13. e4 Qb6 14. Qd2
1/2-1/2

[Event "?"]
[Site "?"]
[Date "????.??.??"]
[Round "?"]
[White "Blaeser, R."]
[Black "Roos, H."]
[Result "1/2-1/2"]
[WhiteElo "2163"]
[BlackElo "2071"]
[PlyCount "51"]
[EventDate "2010.??.??"]
[WhiteTeam "Luxemburg"]
[BlackTeam "USV TU Dresden"]
[WhiteTeamCountry "LUX"]

1. d4 Nf6 2. c4 g6 3. Nc3 Bg7 4. e4 d6 5. Be2 O-O 6. Bg5 Na6 7. Qd2 c6 8. f3
Qe8 9. g4 e5 10. d5 cxd5 11. cxd5 Bd7 12. Bh6 Rc8 13. h4 Bxh6 14. Qxh6 Kh8 15.
h5 Ng8 16. Qe3 Nc5 17. hxg6 fxg6 18. Nh3 Rf7 19. Ng5 Rg7 20. f4 exf4 21. Qxf4
Qe7 22. O-O Be8 23. b4 h6 24. bxc5 hxg5 25. cxd6 gxf4 26. dxe7 1/2-1/2